000 00483nam a2200193Ia 4500
005 20230811105643.0
008 131103s9999 xx 000 0 und d
020 _a370105451
_cGBP: 2.5net
040 _aLoreto College
041 _aEnglish
082 _aF
_bGRA
100 _aGraham,Winston
245 _aWomen in the mirror
_cWinston Graham
260 _aLondon
_bThe Bodley Head
_c1975
300 _a238 p.
650 _aFiction in English
850 _aLCLIB
942 _cBK
999 _c15320
_d65799